000 00692nam a22002057a 4500
999 _c92648
_d92648
005 20230417111441.0
010 _aENG-112553 ENG-136682
020 _a9789380502908
_c825.00
035 _aEN-96085N EN-120214
037 _bDBAD/PUB
082 _a327.73
100 _aNye, Joseph S.
245 0 0 _aSoft power :
_cby Joseph S. Nye
_bthe means to success in world politics /
260 _aNew Delhi
_bKW Publishers
_c2012(repr.)
270 _a4676/21, First Floor, Ansari Road, Daryaganj,
_bNew Delhi
_e110002
300 _axvi,191p. :
_c24cm(hbk)
_bill.
500 _aIncludes index
650 _a Power (Social sciences)
_zUnited States.
942 _2ddc
_cEN
_mNYE
_h327.73